Năng lượng khinh khí

Sparad:
Bibliografiska uppgifter
Huvudupphovsmän:  Năng lượng khinh khí,  Ông, Sử Liệt
Materialtyp: Sách
Språk:Undetermined
Publicerad:  Bách khoa Hà Nội  2017
Ämnen:
Taggar: Lägg till en tagg
Inga taggar, Lägg till första taggen!
Thư viện lưu trữ: Trung tâm Thư viện - Trường Đại học Công nghiệp TP. Hồ Chí Minh
LEADER 00549nam a2200157Ia 4500
001 UIH_08109
008 241002s9999 xx 000 0 und d
082 |a  333.794 
100 |a  Năng lượng khinh khí 
100 |a  Ông, Sử Liệt 
245 0 |a  Năng lượng khinh khí 
260 |b  Bách khoa Hà Nội 
260 |c  2017 
650 |a Năng lượng nguyên tử; Năng lượng khinh khí 
927 |a Sách 
980 |a Trung tâm Thư viện - Trường Đại học Công nghiệp TP. Hồ Chí Minh